[Event "New Delhi Parsvnath op-C 16th"]
[Site "New Delhi"]
[Date "2018.01.14"]
[Round "3"]
[White "Arun, R."]
[Black "Mohit, Kumar Soni"]
[Result "0-1"]
[WhiteElo "1450"]
[BlackElo "1599"]
[PlyCount "102"]
[EventDate "2018.01.09"]
[EventType "swiss"]
[EventRounds "10"]
[EventCountry "IND"]
[SourceTitle "CBM 182 Extra"]
[Source "ChessBase"]
[SourceDate "2018.02.23"]
[SourceVersion "1"]
[SourceVersionDate "2018.02.23"]
[SourceQuality "1"]

1. c4 e5 2. Nc3 Nf6 3. g3 g6 4. Bg2 Bg7 5. Nf3 d6 6. d4 Nbd7 7. 0-0 0-0 8. a4 exd4 9. Nxd4 Nb6 10. Qd3 a5 11. Ndb5 Be6 12. b3 d5 13. c5 Nc8 14. Bf4 Ne8 15. Rad1 c6 16. Nd4 Qe7 17. Be3 Nc7 18. Rc1 Na6 19. Nxe6 fxe6 20. Na2 e5 21. h4 e4 22. Qd2 Qe5 23. Rc2 d4 24. Bf4 Qd5 25. Qxa5 b6 26. Qd2 Nxc5 27. Nb4 Qe6 28. Qd1 Ne7 29. Bc7 Nd7 30. Kh2 c5 31. Bh3 Nf5 32. Na2 Qxb3 33. f3 Ne3 34. Nc1 Qxa4 35. Be6+ Kh8 36. Bb3 Qc6 37. Qe1 Qxc7 38. Ra2 Rxa2 39. Bxa2 Nxf1+ 40. Qxf1 Ne5 41. f4 Ng4+ 42. Kg1 Ne3 43. Qh3 Qa7 44. Kf2 Qa3 45. Qh1 Nf5 46. Bb3 c4 47. g4 Ne3 48. Qxe4 Qxc1 49. Ba4 Qf1+ 50. Kg3 Qg1+ 51. Kh3 Qxg4+ 0-1